000 02519nam0a2200385 4500
001 RU\NLR\bibl\489212
005 20260405225012.0
010 _a5-8397-0302-8
_9300
021 _aRU
_b2004-1870
_997
035 _a(NLR Aleph) 000481892
090 _a1059018
_c1059018
100 _a20040211d2003 |||y0rusy50 ca
101 0 _arus
102 _aRU
105 _aa |||||||||
200 1 _aФинансы отраслей народного хозяйства
_eТекст лекций
_e[Для студентов экон. вузов и фак.]
_fИ.Г. Кузьмин, Л.Н. Назарова, Г.А. Бойко
_gМ-во образования Рос. Федерации, Яросл. гос. ун-т им. П.Г. Демидова
210 _aЯрославль
_cЯрГУ
_d2003
215 _a63 с.
_cил.
_d21
320 _aБиблиогр.: с. 22 (4 назв.) и в подстроч. прим.
606 0 _aПредприятия
_jРуководства, пособия и т.п. для высшей школы
_xФинансово-хозяйственная деятельность
_yРоссийская Федерация
_92097343
_3RU\NLR\auth\661268867
606 0 _aПредприятия
_jУчебные издания для высших учебных заведений
_xФинансово-хозяйственная деятельность
_yРоссийская Федерация
_92097343
_3RU\NLR\auth\661268867
606 0 _aПредприятия
_jРуководства, пособия и т.п. для высшей школы
_xНалоговое обложение
_yРоссийская Федерация
_92164713
_3RU\NLR\auth\661302565
606 0 _aПредприятия
_jУчебные издания для высших учебных заведений
_xНалоговое обложение
_yРоссийская Федерация
_92164713
_3RU\NLR\auth\661302565
686 _aУ26(2)19я73
686 _aУ26(2)141.3я73
700 1 _4070
_8rus
_7ca
_aКузьмин
_bИ. Г.
_cканд. экон. наук
_gИван Григорьевич
_3RU\NLR\auth\7740069
_923021
701 1 _4070
_8rus
_7ca
_aНазарова
_bЛ. Н.
_cканд. экон. наук
_gЛариса Николаевна
_3RU\NLR\auth\77103074
_986000
701 1 _aБойко
_bГ. А.
_gГалина Ахметовна
_4070
801 0 _aRU
_bNLR
_c20040211
_gPSBO
801 1 _aRU
_bNLR
_c20040211
830 _aавт. по кн.
942 _cBOOK
980 _aNB
980 _aNBR